[Event "Pardubice"]
[Site "?"]
[Date "2006.07.27"]
[Round "7.9"]
[White "Grachev Boris"]
[Black "Potapov Alexander"]
[Result "1-0"]
[WhiteElo "2567"]
[BlackElo "2498"]
[PlyCount "169"]
[EventDate "2006.??.??"]
[Source "www.chesslib.no"]
[SourceDate "2004.05.04"]

1. d4 f5 2. h3 d5 3. Nf3 Nf6 4. Bf4 e6 5. e3 c5 6. Be2 Nc6 7. O-O Bd6 8. Bxd6 Qxd6 9. c4 O-O 10. Nc3 cxd4 11. exd4 dxc4 12. Bxc4 Na5 13. Bb3 Bd7 14. Re1 Rfe8 15. Ne5 Nxb3 16. Qxb3 Bc6 17. Nxc6 bxc6 18. Qa4 Reb8 19. Re2 Kf7 20. a3 Rb7 21. Rae1 Re8 22. Qc4 Nd5 23. Na4 Nf4 24. Re5 Kf6 25. Nc5 Rbe7 26. b4 Nd5 27. Qd3 Kf7 28. Qb3 Qb8 29. Qf3 Qd6 30. Qb3 Kg8 31. Qg3 Nc7 32. Qe3 Nd5 33. Qe2 Nc7 34. Qc4 Nd5 35. g3 Kh8 36. Nb3 f4 37. Qc5 Qb8 38. Na5 fxg3 39. Nxc6 gxf2+ 40. Kxf2 Qa8 41. Nxe7 Nf4 42. Qc6 Qd8 43. Nf5 Nd3+ 44. Kg1 Qg5+ 45. Qg2 Nxe1 46. Qxg5 Nf3+ 47. Kg2 Nxg5 48. Nxg7 Kxg7 49. Rxg5+ Kf6 50. Ra5 Re7 51. Kf3 Rd7 52. Ke4 Rc7 53. a4 Rd7 54. Ra6 Ke7 55. b5 h5 56. h4 Kf7 57. Ke5 Rd5+ 58. Ke4 Rd7 59. Rc6 Kf6 60. a5 Rb7 61. b6 axb6 62. axb6 Rd7 63. Rc5 Rb7 64. Rc6 Rd7 65. Rc1 Rb7 66. Rb1 Ke7 67. Ke5 Kd7 68. Rb2 Ke7 69. Rb1 Kd7 70. Kf6 Kd6 71. Kg6 Kd5 72. Rb4 Ke4 73. Kxh5 Kf5 74. Rb5+ Ke4 75. Rb4 Kf5 76. Rb5+ Ke4 77. Re5+ Kxd4 78. Rxe6 Kd5 79. Rg6 Ke5 80. Rg5+ Kf6 81. Rb5 Rh7+ 82. Kg4 Rg7+ 83. Kf4 Rb7 84. h5 Ke6 85. Kg5 1-0

[Event "Brno"]
[Site "Brno"]
[Date "1993.??.??"]
[Round "5"]
[White "Blatny, Pavel"]
[Black "Polgar, Zsuzsa"]
[Result "1/2-1/2"]
[WhiteElo "2510"]
[BlackElo "2545"]
[PlyCount "53"]
[EventDate "1993.08.??"]
[Source "ChessBase"]

1. d4 f5 2. h3 d6 3. Bf4 g6 4. e3 Bg7 5. g4 e5 6. dxe5 dxe5 7. Qxd8+ Kxd8 8. Bg5+ Bf6 9. Bxf6+ Nxf6 10. gxf5 Bxf5 11. Bg2 Nbd7 12. Na3 Be4 13. Rh2 c6 14. O-O-O Kc7 15. Nc4 Rhf8 16. Bxe4 Nxe4 17. f3 Nef6 18. Rhd2 Rae8 19. Ne2 Re7 20. e4 Nh5 21. Ng1 Nf4 22. c3 h5 23. Kc2 Nf6 24. b4 b5 25. Ne3 Rd7 26. Ng2 g5 27. Ne3 1/2-1/2

[Event "FSGM December"]
[Site "Budapest"]
[Date "2003.12.08"]
[Round "3"]
[White "Miton, Kamil"]
[Black "Antal, Gergely"]
[Result "1/2-1/2"]
[WhiteElo "2530"]
[BlackElo "2473"]
[PlyCount "117"]
[EventDate "2003.12.06"]
[Source "Roberto Alvarez"]
[SourceDate "2003.12.22"]

1. d4 f5 2. h3 Nf6 3. g4 d5 4. Nc3 fxg4 5. Bf4 Nc6 6. e3 a6 7. Qe2 gxh3 8. O-O-O Bf5 9. f3 e6 10. e4 dxe4 11. fxe4 Bg4 12. Nf3 Nh5 13. Qe3 Qf6 14. Bxh3 Qxf4 15. Qxf4 Nxf4 16. Bxg4 Be7 17. d5 Nd8 18. e5 O-O 19. d6 cxd6 20. exd6 Bf6 21. Ne4 Rc8 22. c3 Rc4 23. Nfd2 Rc6 24. Nb3 Be5 25. Nbc5 Rf7 26. Kb1 a5 27. Rhe1 b6 28. Nd3 Nxd3 29. Rxd3 Rf4 30. Bf3 Bxd6 31. Nf6+ Rxf6 32. Bxc6 Be7 33. Be4 g6 34. Rd7 Kf8 35. Red1 Nf7 36. Rb7 Bc5 37. Rdd7 Kg7 38. a3 h5 39. b4 axb4 40. cxb4 Bf2 41. a4 g5 42. a5 bxa5 43. bxa5 h4 44. a6 Rf4 45. a7 Bxa7 46. Rxa7 Rxe4 47. Rxf7+ Kg6 48. Kc2 h3 49. Kd3 Rh4 50. Rf1 g4 51. Ra4 h2 52. Rh1 Kg5 53. Ra5+ Kf4 54. Ke2 Kg3 55. Kf1 Kh3 56. Ra4 e5 57. Re4 Rh5 58. Rxh2+ Kxh2 59. Rxg4 1/2-1/2

[Event "Capablanca mem-A"]
[Site "Cienfuegos"]
[Date "1985.??.??"]
[Round "2"]
[White "Bellon Lopez, Juan Manuel"]
[Black "Palatnik, Semon"]
[Result "1-0"]
[WhiteElo "2445"]
[BlackElo "2455"]
[PlyCount "81"]
[EventDate "1985.??.??"]
[Source "ChessBase"]

1. d4 f5 2. h3 d6 3. c4 Nf6 4. Nc3 g6 5. Nf3 Bg7 6. Qc2 O-O 7. Bg5 e5 8. Nxe5 Qe8 9. Bxf6 Bxf6 10. Nf3 c6 11. g3 a6 12. Bg2 b5 13. cxb5 axb5 14. O-O Ra7 15. a3 g5 16. e3 Rg7 17. Nh2 h5 18. Rad1 d5 19. Na2 f4 20. Rfe1 fxg3 21. fxg3 g4 22. h4 Bxh4 23. gxh4 g3 24. Nf3 Bg4 25. Ng5 Bxd1 26. Qxd1 Rf2 27. Re2 Nd7 28. Nb4 Nf6 29. Nd3 Ng4 30. e4 Rxe2 31. Qxe2 dxe4 32. Bxe4 Qd7 33. Kg2 Re7 34. Nf4 Nf6 35. Nxh5 Qxd4 36. Nxf6+ Qxf6 37. Kxg3 Rd7 38. Qg4 Rd6 39. Qc8+ Rd8 40. Qxd8+ Qxd8 41. Bh7+ 1-0

[Event "St Affrique op"]
[Site "St Affrique"]
[Date "1999.??.??"]
[Round "6"]
[White "Gofshtein, Leonid D"]
[Black "Santo Roman, Marc"]
[Result "1-0"]
[WhiteElo "2517"]
[BlackElo "2381"]
[PlyCount "37"]
[EventDate "1999.??.??"]
[Source "www.chesslib.no"]
[SourceDate "2004.05.04"]

1. d4 f5 2. h3 Nf6 3. g4 d5 4. Nc3 fxg4 5. Bf4 c5 6. e4 dxe4 7. d5 a6 8. Qe2 e6 9. hxg4 Nxd5 10. O-O-O Qf6 11. Bd2 Nxc3 12. Bxc3 Qf4+ 13. Bd2 Qf7 14. Qxe4 Nc6 15. Nf3 Bd7 16. Ng5 Qg8 17. Bc4 O-O-O 18. Be3 Na5 19. Rxd7 1-0

[Event "NOR Ch"]
[Site "Steinkjer"]
[Date "1986.??.??"]
[Round "?"]
[White "Gausel, Einar"]
[Black "Agdestein, Simen"]
[Result "1/2-1/2"]
[WhiteElo "2315"]
[BlackElo "2535"]
[PlyCount "67"]
[EventDate "1986.??.??"]
[Source "www.chesslib.no"]
[SourceDate "2004.05.04"]

1. d4 f5 2. h3 d6 3. g4 e5 4. dxe5 Nc6 5. exd6 Bxd6 6. Nc3 fxg4 7. hxg4 Bxg4 8. Bg2 Qe7 9. Bxc6+ bxc6 10. Qd3 O-O-O 11. Be3 Kb7 12. Qd4 Nf6 13. Qxa7+ Kc8 14. O-O-O h5 15. Qa6+ Kd7 16. Bc5 Qe5 17. Bxd6 cxd6 18. Qb7+ Ke6 19. Nf3 Qf4+ 20. Rd2 c5 21. Qxg7 Rhg8 22. Qb7 d5 23. Qc6+ Qd6 24. Qxd6+ Rxd6 25. Nh2 d4 26. Nxg4 hxg4 27. Nb5 Rb6 28. a4 Rb7 29. b3 Ne4 30. Rh6+ Ke5 31. Rh5+ Ke6 32. Rh6+ Ke5 33. Rh5+ Ke6 34. Rh6+ 1/2-1/2

[Event "Buenos Aires GP"]
[Site "Buenos Aires"]
[Date "1991.??.??"]
[Round "8"]
[White "Glavina, Pablo"]
[Black "Adla, Diego"]
[Result "0-1"]
[WhiteElo "2380"]
[BlackElo "2435"]
[PlyCount "26"]
[EventDate "1991.??.??"]
[Source "www.chesslib.no"]
[SourceDate "2004.05.04"]

1. d4 f5 2. h3 Nf6 3. g4 d5 4. g5 Ne4 5. Bf4 e6 6. h4 c5 7. c3 Qb6 8. Qb3 cxd4 9. Qxb6 axb6 10. cxd4 Nc6 11. Nc3 Bb4 12. Rh3 e5 13. Bd2 Nxd2 0-1

[Event "3rd Savaria Summer Open"]
[Site "Szombathely"]
[Date "2003.07.21"]
[Round "3"]
[White "Milanovic, Danilo"]
[Black "Zakharchenko, Arnold"]
[Result "0-1"]
[WhiteElo "2451"]
[BlackElo "2351"]
[PlyCount "90"]
[EventDate "2003.07.19"]
[Source "Roberto Alvarez"]
[SourceDate "2003.07.28"]

1. d4 f5 2. h3 d5 3. g4 Nf6 4. Qd3 Nc6 5. Bf4 g6 6. Nc3 Ne4 7. a3 Bg7 8. Nf3 fxg4 9. hxg4 Bxg4 10. Nxe4 Bf5 11. Qb3 Bxe4 12. O-O-O O-O 13. Bh6 Bxf3 14. exf3 Qd6 15. Be3 Rab8 16. Rh3 b5 17. Bg2 Na5 18. Qd3 Nc4 19. Rdh1 h5 20. Rg3 Nxe3 21. Rxg6 Nxg2 22. Rxd6 Nf4 23. Qe3 exd6 24. Qe7 Rf7 25. Qg5 Re8 26. Rh4 Ref8 27. c3 c5 28. dxc5 dxc5 29. Rxf4 Rxf4 30. Qxd5+ R4f7 31. Qxh5 Rf5 32. Qg6 b4 33. axb4 cxb4 34. cxb4 Rxf3 35. Qe6+ R8f7 36. b5 Rxf2 37. b3 Kh7 38. Qe4+ R7f5 39. Kd1 Kg6 40. Qg4+ Kh7 41. Qe4 Bf6 42. b6 axb6 43. Qb7+ Kg6 44. Qxb6 Ra2 45. Ke1 Kh5 0-1

[Event "Belavenets Memorial Open"]
[Site "Smolensk RUS"]
[Date "1991.??.??"]
[Round "?"]
[White "Shtyrenkov, Veniamen"]
[Black "Cherniaev, Alexander"]
[Result "1-0"]
[WhiteElo "2440"]
[BlackElo "2330"]
[PlyCount "103"]
[EventDate "1991.??.??"]
[Source "www.chesslib.no"]
[SourceDate "2004.05.04"]

1. d4 f5 2. h3 d5 3. Bf4 Nf6 4. e3 a6 5. c4 e6 6. c5 Nc6 7. Nf3 Be7 8. Nbd2 O-O 9. Bd3 Ne4 10. Ne5 Nxe5 11. Bxe5 Bd7 12. a4 Bf6 13. Bh2 Be8 14. O-O Qe7 15. Nb3 Rb8 16. f3 Ng5 17. Qe1 g6 18. Be5 Bxe5 19. dxe5 Nf7 20. f4 Kh8 21. Nd4 Bd7 22. Qc3 Rg8 23. b4 Rg7 24. b5 axb5 25. axb5 Rbg8 26. c6 bxc6 27. bxc6 Bc8 28. Qa3 Qh4 29. Kh2 g5 30. g3 Qh5 31. Be2 Qg6 32. Rg1 h5 33. Qd3 Nh6 34. Nf3 g4 35. hxg4 Nxg4+ 36. Kg2 Rh7 37. Kf1 Qe8 38. Qc3 Qe7 39. Rh1 Rh6 40. Ra8 Kg7 41. Ke1 Kf7 42. Rh4 Rhh8 43. Nd4 Rg7 44. Nb5 Kg6 45. Ra7 Qd8 46. Ra8 Qe7 47. Bxg4 fxg4 48. Ra7 Qd8 49. Qd3+ Kh6 50. Nd4 Qe8 51. Ra8 Rf8 52. Ra2 1-0

[Event "CCOL12 prel"]
[Site "corr"]
[Date "1992.??.??"]
[Round "?"]
[White "Perifanis, (GRE)."]
[Black "Bhend, Edwin"]
[Result "0-1"]
[WhiteElo "2305"]
[BlackElo "2450"]
[PlyCount "46"]
[EventDate "1992.??.??"]
[Source "www.chesslib.no"]
[SourceDate "2004.05.04"]

1. d4 f5 2. h3 d5 3. Nc3 c6 4. g4 Nf6 5. Qd3 Ne4 6. Nxe4 fxe4 7. Qb3 Nd7 8. Bf4 e5 9. dxe5 Bc5 10. O-O-O Bxf2 11. Bg2 Nc5 12. Qa3 Ne6 13. e3 Qe7 14. Qb3 g5 15. Bh2 Qc5 16. Kd2 d4 17. Bxe4 Qa5+ 18. Ke2 Nc5 19. Qc4 Nxe4 20. Qxd4 Ng3+ 21. Kxf2 Nxh1+ 22. Kg2 Be6 23. Kxh1 O-O 0-1

[Event "Szekszard Open"]
[Site "Szekszard"]
[Date "1995.??.??"]
[Round "?"]
[White "Dobos, Jozsef"]
[Black "Seres, Lajos"]
[Result "1/2-1/2"]
[WhiteElo "2325"]
[BlackElo "2430"]
[PlyCount "71"]
[EventDate "1995.??.??"]
[Source "www.chesslib.no"]
[SourceDate "2004.05.04"]

1. d4 f5 2. h3 b6 3. Nf3 Bb7 4. Bf4 e6 5. e3 Nf6 6. Nbd2 Be7 7. Bd3 O-O 8. Qe2 Ne4 9. O-O-O c5 10. g4 Nxd2 11. Kxd2 b5 12. c3 Qa5 13. a3 cxd4 14. exd4 b4 15. axb4 Qd5 16. Ne5 Qa2 17. Rhg1 a5 18. Rb1 axb4 19. c4 b3 20. c5 Nc6 21. Nxc6 Bxc6 22. gxf5 Bf6 23. Be5 Qa5+ 24. Kc1 exf5 25. Bxf6 Rxf6 26. Qe7 Rf7 27. Bc4 d5 28. cxd6 Bd5 29. Bxd5 Qxd5 30. Qe5 Rc8+ 31. Kd2 Rc2+ 32. Ke1 Qe4+ 33. Qxe4 fxe4 34. Rg4 Rd7 35. Rxe4 Rxd6 36. Re3 1/2-1/2

[Event "Open Acropolis 2007"]
[Site "Atene GRE"]
[Date "2007.08.14"]
[Round "1.19"]
[White "Parginos, Vassilios"]
[Black "Grivas, Efstratios"]
[Result "0-1"]
[WhiteElo "2226"]
[BlackElo "2507"]
[PlyCount "38"]
[EventDate "2007.08.14"]
[Source "www.chesslib.no"]
[SourceDate "2004.05.04"]

1. d4 f5 2. h3 d5 3. g4 Nf6 4. Nf3 Nc6 5. Nc3 e6 6. Rg1 Ne4 7. gxf5 exf5 8. Ng5 Nxc3 9. bxc3 Be7 10. e4 fxe4 11. Qh5+ g6 12. Qh6 Bf8 13. Qh4 h6 14. Be2 Bg7 15. Bh5 Bf5 16. Qf4 Qd7 17. Nf3 exf3 18. Rxg6 Bxg6 19. Bxg6+ Kd8 0-1

[Event "Belavenets Memorial Open"]
[Site "Smolensk RUS"]
[Date "1991.??.??"]
[Round "?"]
[White "Donchenko, Anatoly G"]
[Black "Cherniaev, Alexander"]
[Result "0-1"]
[WhiteElo "2370"]
[BlackElo "2330"]
[PlyCount "66"]
[EventDate "1991.??.??"]
[Source "www.chesslib.no"]
[SourceDate "2004.05.04"]

1. d4 f5 2. h3 Nf6 3. g4 d5 4. g5 Ne4 5. Bf4 e6 6. h4 c5 7. f3 Nd6 8. e3 b6 9. c3 Be7 10. Nh3 O-O 11. Nd2 Ba6 12. Bxa6 Nxa6 13. Qe2 Nb8 14. O-O-O Nc6 15. Kb1 Qd7 16. c4 Rfe8 17. Be5 cxd4 18. exd4 Nxc4 19. Nxc4 dxc4 20. Nf4 Nxe5 21. dxe5 Qc6 22. g6 h6 23. Rd4 Rac8 24. Rhd1 b5 25. h5 a5 26. Rd7 b4 27. Ra7 c3 28. Rdd7 Qc5 29. bxc3 bxc3 30. Kc2 Qa3 31. Rac7 Rxc7 32. Rxc7 Qb2+ 33. Kd3 Rd8+ 0-1

[Event "Closed IM"]
[Site "Rosny sous Bois"]
[Date "2004.??.??"]
[Round "9"]
[White "Cossin, Sebastien"]
[Black "Rendle, Thomas"]
[Result "0-1"]
[WhiteElo "2395"]
[BlackElo "2303"]
[PlyCount "82"]
[EventDate "2004.10.23"]
[Source "Roberto Alvarez"]
[SourceDate "2004.11.08"]

1. d4 f5 2. h3 Nf6 3. g4 d5 4. Nc3 fxg4 5. hxg4 Bxg4 6. Bh3 Qd7 7. Bg5 Nc6 8. Qd3 Nb4 9. Qd2 Qf5 10. O-O-O e6 11. f3 Bxh3 12. Rxh3 Bd6 13. a3 Nc6 14. e4 dxe4 15. fxe4 Nxe4 16. Nxe4 Qxe4 17. Ne2 h6 18. Kb1 Rf8 19. Re3 Qd5 20. Bh4 g5 21. Nc3 Qf5 22. d5 Ne5 23. Qe2 O-O-O 24. Bg3 Ng4 25. Re4 Bxg3 26. Rxg4 Bf4 27. dxe6 Rxd1+ 28. Qxd1 Qxe6 29. Rg1 Rd8 30. Qf3 Qc6 31. Qh3+ Kb8 32. Ne2 a6 33. Nxf4 gxf4 34. Qf5 Qd6 35. Rg6 Qd1+ 36. Ka2 h5 37. Rf6 h4 38. Qxf4 h3 39. Rf7 Qxc2 40. Rf8 Rxf8 41. Qxf8+ Ka7 0-1

[Event "It"]
[Site "Dhaka (Bangladesh)"]
[Date "2007.05.30"]
[Round "5"]
[White "Islam Kh Aminul (BAN)"]
[Black "Girinath P D S (IND)"]
[Result "1/2-1/2"]
[WhiteElo "2315"]
[BlackElo "2378"]
[PlyCount "80"]
[EventDate "2007.??.??"]
[Source "www.chesslib.no"]
[SourceDate "2004.05.04"]

1. d4 f5 2. h3 d6 3. Nf3 g6 4. Bf4 Bg7 5. e3 e6 6. Bc4 Qe7 7. c3 Nf6 8. Qa4+ Nc6 9. b4 Bd7 10. b5 Nd8 11. Qb3 Ne4 12. Nbd2 Nxd2 13. Nxd2 e5 14. dxe5 dxe5 15. Bh2 Ne6 16. Nf3 Nc5 17. Qb4 O-O-O 18. O-O-O b6 19. Kb1 Rhe8 20. Bd5 Be6 21. Bc6 Rxd1+ 22. Rxd1 Rd8 23. Rc1 Qd6 24. Nd4 Bd5 25. Bxd5 Qxd5 26. Nc6 Qd3+ 27. Ka1 Qd2 28. Qb2 Qxb2+ 29. Kxb2 Nd3+ 30. Kc2 Nxc1 31. Nxd8 Kxd8 32. Kxc1 Kd7 33. Kc2 Kd6 34. c4 c6 35. a4 cxb5 36. axb5 Ke6 37. f3 Bf8 38. Kd3 Bc5 39. Bg3 g5 40. e4 f4 1/2-1/2

[Event "Open"]
[Site "Lilie Litomysl"]
[Date "2004.01.01"]
[Round "9"]
[White "Mudrak, Josef"]
[Black "Sabol, Marian"]
[Result "1-0"]
[WhiteElo "2387"]
[BlackElo "2302"]
[PlyCount "47"]
[EventDate "2003.12.26"]
[Source "Roberto Alvarez"]
[SourceDate "2004.02.09"]

1. d4 f5 2. h3 d5 3. g4 g6 4. g5 Bg7 5. Nf3 c5 6. c3 Nc6 7. Bg2 Qb6 8. e3 Be6 9. b3 Bf7 10. Ba3 cxd4 11. exd4 O-O-O 12. O-O e5 13. Bc5 Qc7 14. dxe5 Nxe5 15. Bd4 Ne7 16. Na3 a6 17. b4 b5 18. Nc2 Be8 19. Nxe5 Bxe5 20. Bxe5 Qxe5 21. Re1 Qd6 22. Qd4 Bd7 23. Rxe7 Qxe7 24. Qxd5 1-0

[Event "Borsodtavho-B"]
[Site "?"]
[Date "1991.??.??"]
[Round "7"]
[White "Kekki Petri"]
[Black "Karolyi Tibor Jr"]
[Result "1/2-1/2"]
[WhiteElo "2280"]
[BlackElo "2405"]
[PlyCount "22"]
[EventDate "1991.??.??"]
[Source "www.chesslib.no"]
[SourceDate "2004.05.04"]

1. d4 f5 2. h3 d5 3. Bf4 Nf6 4. e3 Be6 5. Bd3 g6 6. Nd2 c6 7. c3 Nbd7 8. f3 c5 9. g4 Bg7 10. Ne2 Qb6 11. Qa4 fxg4 1/2-1/2

[Event "Watertown, MA"]
[Site "?"]
[Date "1998.12.12"]
[Round "2"]
[White "Cherniack Alex"]
[Black "Curdo John"]
[Result "1/2-1/2"]
[WhiteElo "2285"]
[BlackElo "2376"]
[PlyCount "73"]
[EventDate "1998.??.??"]
[Source "www.chesslib.no"]
[SourceDate "2004.05.04"]

1. d4 f5 2. h3 Nf6 3. g4 e6 4. Bg2 d5 5. c4 Be7 6. Nc3 O-O 7. gxf5 c6 8. fxe6 Bxe6 9. cxd5 cxd5 10. Bg5 Nc6 11. e3 Ne4 12. Bxe7 Qxe7 13. Nf3 Rf7 14. Nxe4 dxe4 15. Nd2 Qg5 16. Bxe4 Raf8 17. h4 Qb5 18. f4 Ne7 19. Qe2 Qxb2 20. Nb3 Qa3 21. Nc5 Qc3+ 22. Kf2 Rxf4+ 23. exf4 Rxf4+ 24. Bf3 Bd5 25. Rh3 Qxa1 26. Qxe7 Qxd4+ 27. Qe3 h6 28. Qxd4 Rxd4 29. Nb3 Rd3 30. Bg2 Rd1 31. Bxd5+ Rxd5 32. Rc3 a5 33. Ke3 a4 34. Nd4 Re5+ 35. Kf4 Rd5 36. Ke4 Rh5 37. Nf3 1/2-1/2

[Event "JUG Team Ch"]
[Site "Nis YUG"]
[Date "1994.??.??"]
[Round "?"]
[White "Lajthajm, Borko"]
[Black "Kontic, Djordjije"]
[Result "1-0"]
[WhiteElo "2290"]
[BlackElo "2365"]
[PlyCount "67"]
[EventDate "1994.10.??"]
[Source "www.chesslib.no"]
[SourceDate "2004.05.04"]

1. d4 f5 2. h3 d5 3. Nf3 g6 4. Bf4 Bg7 5. Nc3 Nh6 6. Qd2 Nf7 7. Ng5 Nxg5 8. Bxg5 Nc6 9. e3 O-O 10. Be2 h6 11. Bh4 a6 12. O-O-O b5 13. f4 Bb7 14. Rhg1 Qd7 15. g4 b4 16. Nb1 Kh7 17. gxf5 gxf5 18. Bd3 Bf6 19. Bxf6 Rxf6 20. Rg4 Rg8 21. Rxg8 Kxg8 22. Rg1+ Kf8 23. Qg2 Qe6 24. Nd2 Bc8 25. Qg7+ Ke8 26. Qg8+ Kd7 27. Rg3 Nxd4 28. Kd1 Nc6 29. Nb3 Kd6 30. Qe8 Qd7 31. Qh8 Qe6 32. Kd2 Bb7 33. Rg8 Rg6 34. Rd8+ 1-0

[Event "Cali Abierto Internacional"]
[Site "Cali"]
[Date "1998.08.09"]
[Round "9"]
[White "Doo, Raymond"]
[Black "Lampic, Teo"]
[Result "1/2-1/2"]
[WhiteElo "2385"]
[BlackElo "2260"]
[PlyCount "33"]
[EventDate "1998.??.??"]
[Source "www.chesslib.no"]
[SourceDate "2004.05.04"]

1. d4 f5 2. h3 d6 3. Nc3 Nc6 4. d5 Ne5 5. f4 Ng6 6. e4 e5 7. Nf3 fxe4 8. Nxe4 Nf6 9. Neg5 Bf5 10. Bb5+ c6 11. Bd3 Bxd3 12. cxd3 Nxd5 13. fxe5 dxe5 14. O-O Qd7 15. d4 O-O-O 16. dxe5 Bc5+ 17. Kh1 1/2-1/2

[Event "Kecskemet III-A"]
[Site "Kecskemet HUN"]
[Date "1991.??.??"]
[Round "?"]
[White "Wirius, Stefan"]
[Black "Karolyi, Tibor jr"]
[Result "1/2-1/2"]
[WhiteElo "2255"]
[BlackElo "2390"]
[PlyCount "102"]
[EventDate "1991.??.??"]
[Source "www.chesslib.no"]
[SourceDate "2004.05.04"]

1. d4 f5 2. h3 d5 3. g4 fxg4 4. hxg4 Bxg4 5. Qd3 Nf6 6. Bg5 e6 7. Bh3 Bxh3 8. Nxh3 Qd6 9. Nc3 Nc6 10. O-O-O O-O-O 11. Nf4 Be7 12. Qh3 h6 13. Nb5 Qb4 14. Bxf6 Bxf6 15. Nxc7 Kxc7 16. Nxe6+ Kb8 17. Qh2+ Qd6 18. Nxd8 Rxd8 19. c3 Kc7 20. Kd2 Rf8 21. e3 Nd8 22. Qxd6+ Kxd6 23. b3 b5 24. Rc1 Ne6 25. f4 a6 26. Kd3 Re8 27. c4 Bxd4 28. exd4 Nxf4+ 29. Kd2 Re2+ 30. Kc3 Rxa2 31. Ra1 Rxa1 32. Rxa1 dxc4 33. Rxa6+ Kd5 34. bxc4+ bxc4 35. Ra5+ Ke6 36. Kxc4 h5 37. Ra6+ Kf5 38. d5 h4 39. Kc5 h3 40. Ra1 g5 41. d6 g4 42. d7 Ne6+ 43. Kd6 Nd8 44. Rf1+ Ke4 45. Rf8 h2 46. Rxd8 h1=Q 47. Re8+ Kf5 48. d8=Q Qd1+ 49. Ke7 Qxd8+ 50. Rxd8 g3 51. Kd6 Ke4 1/2-1/2

[Event "Mancha Real-A 2nd"]
[Site "Mancha Real"]
[Date "1999.??.??"]
[Round "1"]
[White "Glavina Rossi, Pablo"]
[Black "Malo Quiros, Miguel Angel"]
[Result "1/2-1/2"]
[WhiteElo "2425"]
[BlackElo "2215"]
[PlyCount "33"]
[EventDate "1999.??.??"]
[Source "www.chesslib.no"]
[SourceDate "2004.05.04"]

1. d4 f5 2. h3 e6 3. g4 d5 4. c4 c6 5. Nc3 Nf6 6. Nf3 Bd6 7. gxf5 exf5 8. cxd5 cxd5 9. Bg5 O-O 10. Bg2 Kh8 11. Qb3 Nc6 12. Kf1 Be6 13. Rd1 Na5 14. Qc2 Rc8 15. Ne5 b5 16. Qb1 Bb4 17. Bxf6 1/2-1/2

[Event "Politiken Cup"]
[Site "Helsingor DAN"]
[Date "2008.07.26"]
[Round "9"]
[White "Rabus, B."]
[Black "Kristiansen, Jen"]
[Result "0-1"]
[WhiteElo "2198"]
[BlackElo "2441"]
[PlyCount "50"]
[EventDate "2008.07.19"]
[Source "www.chesslib.no"]
[SourceDate "2004.05.04"]

1. d4 f5 2. h3 Nf6 3. g4 d5 4. Nf3 c5 5. c3 Nc6 6. Bf4 fxg4 7. hxg4 Bxg4 8. e3 e6 9. Be2 Bd6 10. Ne5 Bxe2 11. Qxe2 Qc7 12. Nd2 Nxe5 13. dxe5 Bxe5 14. Bxe5 Qxe5 15. Qb5+ Nd7 16. Qxb7 Rb8 17. Qxa7 Rxb2 18. Qa8+ Rb8 19. Qa6 O-O 20. Qd3 Nf6 21. f4 Qc7 22. Ke2 Rb2 23. Rhb1 Rfb8 24. Kf3 e5 25. fxe5 Qxe5 0-1

[Event "Bundesliga 8788"]
[Site "GER"]
[Date "1988.??.??"]
[Round "?"]
[White "Paulsen, Dirk"]
[Black "Heidrich, Manfred"]
[Result "1-0"]
[WhiteElo "2375"]
[BlackElo "2260"]
[PlyCount "93"]
[EventDate "1987.10.??"]
[Source "www.chesslib.no"]
[SourceDate "2004.05.04"]

1. d4 f5 2. h3 d5 3. g4 fxg4 4. hxg4 Bxg4 5. Qd3 Qd7 6. Bh3 Nf6 7. Bxg4 Qxg4 8. Nf3 Nc6 9. c3 O-O-O 10. b4 e5 11. dxe5 Ne4 12. Be3 Qf5 13. Nd4 Qxe5 14. Nxc6 bxc6 15. Bxa7 c5 16. bxc5 Bxc5 17. Qh3+ Kb7 18. Bxc5 Nxc5 19. Nd2 Rde8 20. Rb1+ Kc6 21. O-O Qg5+ 22. Qg2 Qxg2+ 23. Kxg2 Rxe2 24. Nf3 Ne6 25. a4 Ra2 26. Ne5+ Kc5 27. Rb5+ Kd6 28. Nf7+ Ke7 29. Nxh8 Rxa4 30. Re1 Kf6 31. Rb8 Rg4+ 32. Kf1 Rh4 33. Re8 Nf4 34. Rf8+ Kg5 35. Nf7+ Kh5 36. Re5+ Kg6 37. Rg5+ Kf6 38. Ne5+ Ke7 39. Rh8 Rh3 40. Rg3 Rh1+ 41. Rg1 Rh3 42. Rg3 Rh1+ 43. Rg1 Rh3 44. Nc6+ Kd7 45. Nb8+ Kd6 46. Rd8+ Ke7 47. Rd7+ 1-0

[Event "Bad Woerishofen op 17th"]
[Site "?"]
[Date "2001.??.??"]
[Round "2"]
[White "Peschel Andreas"]
[Black "Krizsany Laszlo"]
[Result "1/2-1/2"]
[WhiteElo "2177"]
[BlackElo "2455"]
[PlyCount "110"]
[EventDate "2001.??.??"]
[Source "www.chesslib.no"]
[SourceDate "2004.05.04"]

1. d4 f5 2. h3 d5 3. g4 Nf6 4. Qd3 c5 5. gxf5 c4 6. Qf3 Nc6 7. c3 Qd7 8. Na3 Qxf5 9. Qxf5 Bxf5 10. Bg2 O-O-O 11. Bf4 h6 12. Nf3 g5 13. Bh2 Bg7 14. Ne5 Rhf8 15. Nxc6 bxc6 16. Be5 Nh5 17. Bxg7 Nxg7 18. b3 cxb3 19. axb3 Ne6 20. e3 Bd3 21. Ra2 Kd7 22. Nc2 Bxc2 23. Rxc2 Rb8 24. b4 a5 25. bxa5 Rb5 26. Ra2 Ra8 27. a6 Nc7 28. O-O Rxa6 29. Rxa6 Nxa6 30. c4 dxc4 31. Rc1 Rb4 32. Bf1 Kd6 33. Bxc4 Nc7 34. Kg2 e5 35. dxe5+ Kxe5 36. Kg3 Nd5 37. Be2 Ne7 38. f4+ Kf6 39. Bf3 Nf5+ 40. Kf2 Rb2+ 41. Ke1 Nxe3 42. fxg5+ hxg5 43. Rxc6+ Kf5 44. Be2 Ng2+ 45. Kd1 Kf4 46. Bg4 Kg3 47. Kc1 Ra2 48. Rg6 Ra5 49. Rf6 Ra1+ 50. Kb2 Re1 51. Re6 Rf1 52. Rg6 Kh4 53. Rh6+ Kg3 54. Rg6 Kh4 55. Rh6+ Kg3 1/2-1/2

[Event "LL-N9495"]
[Site "Bayern"]
[Date "1995.??.??"]
[Round "3"]
[White "Dobosz, Henryk"]
[Black "Beuchler, Holger"]
[Result "1-0"]
[WhiteElo "2420"]
[BlackElo "2210"]
[PlyCount "71"]
[EventDate "1994.10.??"]
[Source "www.chesslib.no"]
[SourceDate "2004.05.04"]

1. d4 f5 2. h3 d5 3. g4 fxg4 4. hxg4 Bxg4 5. Qd3 Nf6 6. Bh3 Qd7 7. Bf4 Nc6 8. Nd2 g6 9. c3 Bf5 10. Bxf5 gxf5 11. Ngf3 O-O-O 12. b4 e6 13. Nb3 Ne4 14. b5 Nb8 15. Ne5 Qg7 16. Rf1 h5 17. f3 Ng3 18. Rg1 h4 19. Qe3 Nd7 20. Nc5 Bxc5 21. dxc5 Nxe5 22. Bxe5 Qh6 23. Qd4 Rhg8 24. c6 b6 25. Qa4 a5 26. bxa6 Ne4 27. Rxg8 Rxg8 28. Qd4 Qg5 29. Bh2 Qg2 30. O-O-O Qxe2 31. fxe4 Qxa6 32. Rg1 Rxg1+ 33. Qxg1 Qa3+ 34. Kb1 Kb8 35. Qxb6+ Ka8 36. Qb7# 1-0

[Event "Clichy Open"]
[Site "Clichy FRA"]
[Date "1991.??.??"]
[Round "8"]
[White "Salvermoser, Bernd"]
[Black "Dunworth, Christopher"]
[Result "1/2-1/2"]
[WhiteElo "2300"]
[BlackElo "2330"]
[PlyCount "97"]
[EventDate "1991.06.??"]
[Source "www.chesslib.no"]
[SourceDate "2004.05.04"]

1. d4 f5 2. h3 d5 3. g4 Nf6 4. g5 Ne4 5. Bf4 e6 6. Nf3 c5 7. e3 Nc6 8. c3 Qb6 9. Qc2 Bd7 10. Bd3 Be7 11. h4 Rc8 12. Qb3 c4 13. Qxb6 axb6 14. Bc2 b5 15. Ne5 b4 16. f3 bxc3 17. bxc3 Nd6 18. Nxd7 Kxd7 19. Nd2 Ra8 20. e4 fxe4 21. fxe4 Ra3 22. exd5 exd5 23. Nb1 Ra7 24. Rh3 b5 25. Nd2 b4 26. cxb4 Nxb4 27. Bb1 h6 28. gxh6 gxh6 29. a3 Raa8 30. h5 Nc6 31. Nf3 Bf6 32. Ne5+ Nxe5 33. dxe5 Rae8 34. Bg6 Rxe5+ 35. Bxe5 Bxe5 36. Ra2 d4 37. a4 Rf8 38. a5 d3 39. Bxd3 cxd3 40. Rxd3 Ra8 41. Ke2 Ra6 42. Rd5 Ke6 43. Rd3 Nc4 44. Rb3 Rxa5 45. Rxa5 Nxa5 46. Rb6+ Bd6 47. Kd3 Kd7 48. Kc3 Kc7 49. Ra6 1/2-1/2